| 000 | 00466nam a2200133Ia 4500 | ||
|---|---|---|---|
| 008 | 231221s9999 xx 000 0 und d | ||
| 020 | _a978-1-4020-9585-6 | ||
| 041 | _aEnglish | ||
| 100 | _aMiguel A. Labrador, Pedro M. Wightman | ||
| 245 | 0 | _aTopology Control in Wireless Sensor Networks | |
| 260 |
_c2009 _bSpringer Netherlands _aNew York |
||
| 650 | _aCommunications Engineering, Networks; Computer Communication Networks; Simulation and Modeling | ||
| 942 | _cEB | ||
| 999 |
_c226335 _d226335 |
||